• 首页
  • 本馆介绍
  • 公告通知
  • 最新文献
  • 馆藏检索
  • 电子资源
  • 读者导购
  • 参考咨询
  • 我的图书馆
  • 登录
  • 详细信息显示
  • 放入我的书架
  • 预约/预借图书
  • 作者相关作品
  • 分类相关作品
  • 丛书相关作品
  • 出版社相关作品

书目信息

  • 表格格式
  • 工作单格式
  • 卡片格式
题名:
新闻研究资料(丛刊)
    
 
作者: 中国社会科学院新闻研究所《新闻研究资料》编辑室 辑
分册: 一九八一年第一辑(总第十辑)  
出版信息: 北京   新华出版社  1981.12
页数: 300页
开本: 19cm
丛书名:
单 册:
中图分类: G219.2-53
科图分类:
主题词: 新闻学 , 新闻工作
电子资源:
ISBN:
000 00763nam0 2200217 45
001 0302170920
005 20031219104103.9
010    @dCNY0.80
091    @a7203.018
100    @a20030217d1981 km y0chiy0120 ea
101 0  @achi
105    @a z 000yy
200 1  @a新闻研究资料(丛刊)@h一九八一年第一辑(总第十辑)@AXin Wen Yan Jiu Zi Liao(Cong Kan)@f中国社会科学院新闻研究所《新闻研究资料》编辑室辑@FZhong Guo She Hui Ke Xue Yuan Xin Wen Yan Jiu Suo《Xin Wen Yan Jiu Zi Liao》Bian Ji Shi Ji
210    @a北京@c新华出版社@d1981.12
215    @a300页@d19cm
606 0  @a新闻学
606 0  @a新闻工作
690    @aG219.2-53@v3
701  0 @a中国社会科学院新闻研究所《新闻研究资料》编辑室@4辑
801    @aCN@bTSTC@c20030217
905    @dG219.2-53@e13:10@f1@b161023
    
    新闻研究资料(丛刊).一九八一年第一辑(总第十辑)/中国社会科学院新闻研究所《新闻研究资料》编辑室辑.-北京:新华出版社,1981.12
    300页;19cm
    
    
    ISBN :CNY0.80
    
●
相关链接 在E读中查询图书 在五车中查询图书 在当当中查询图书 在豆瓣中查询图书


正题名:新闻研究资料(丛刊)     索取号:G219.2-53/13:10         预约/预借

序号 登录号 条形码 馆藏地/架位号 状态 备注
1 0161022   001739916   密集书库/ [索取号:G219.2-53/13:10] 在馆    
2 0161023   001740192   第四借阅区/ [索取号:G219.2-53/13:10] 在馆    
唐山师范学院图书馆 欢迎您!
大连网信软件有限公司© 版权所有